Score 0/24 Timer 10:00
0 Plays Today
Act: Scene: Line Answer % Correct
3:10:1-29Cleopatra
100%
3:10:1-29Antony
90.6%
4:7:1-21Antony
78.1%
3:11:50-82A kiss
75%
4:12:1-33Cleopatra
75%
4:14:1-110Kill him
75%
5:2:295-437An asp
75%
4:11:1-4By sea
71.9%
4:13:1-14Dead
71.9%
4:14:110-115Kills himself
71.9%
3:13:167-242Enobarbus
68.8%
4:14:116-141Falls on his own sword
68.8%
Act: Scene: Line Answer % Correct
4:14:142-172To Cleopatra
68.8%
3:12:1-30Athens
62.5%
3:12:25-30Kill him
62.5%
4:6:24-44Die
62.5%
3:13:96-166Whips
59.4%
4:5:1-25His chests and treasure
59.4%
3:13:24-95Fear
56.3%
4:3:7-31Music
43.8%
5:2:66-136Dolabella
34.4%
3:30-45Canidius
18.8%
4:15:1-59Proculcius
15.6%
5:2:1-50Proculcius
15.6%
Remove Ads.
Support Sporcle.
Get the best of Sporcle when you Go Orange. This ad-free experience offers more features, more stats, and more fun while also helping to support Sporcle. Thank you for becoming a member.

You're not logged in!

Compare scores with friends on all Sporcle quizzes.
OR
Log In

Show Comments

Extras

Top Quizzes Today


Score Distribution

Your Account Isn't Verified!

In order to create a playlist on Sporcle, you need to verify the email address you used during registration. Go to your Sporcle Settings to finish the process.

Report this User

Report this user for behavior that violates our Community Guidelines.

Details: